|
|
|
|
| LEADER |
00000naa2a2200000 4500 |
| 001 |
624178 |
| 005 |
20231219132926.0 |
| 035 |
|
|
|a (RuTPU)RU\TPU\conf\23391
|
| 035 |
|
|
|a RU\TPU\conf\23390
|
| 090 |
|
|
|a 624178
|
| 100 |
|
|
|a 20171102d2017 k y0rusy50 ca
|
| 101 |
0 |
|
|a rus
|
| 102 |
|
|
|a RU
|
| 105 |
|
|
|a y z 101zy
|
| 135 |
|
|
|a drcn ---uucaa
|
| 181 |
|
0 |
|a i
|
| 182 |
|
0 |
|a b
|
| 200 |
1 |
|
|a Строительная керамика объемного окрашивания на основе комбинаций разнородного глинистого сырья
|f М. Т. Нургалиева, М. М. Темиртас, Т. В. Вакалова
|
| 203 |
|
|
|a Текст
|c электронный
|
| 225 |
1 |
|
|a Аддитивные технологии получения новых материалов
|
| 300 |
|
|
|a Заглавие с экрана
|
| 320 |
|
|
|a [Библиогр.: с. 327 (1 назв.)]
|
| 463 |
|
0 |
|0 (RuTPU)RU\TPU\conf\23187
|t Современные технологии и материалы новых поколений
|o сборник трудов Международной конференции с элементами научной школы для молодежи, г. Томск, 9-13 октября 2017 г.
|f Национальный исследовательский Томский политехнический университет (ТПУ) ; Российская академия наук (РАН), Сибирское отделение (СО), Институт физики прочности и материаловедения (ИФПМ)
|v [С. 326-327]
|d 2017
|
| 610 |
1 |
|
|a электронный ресурс
|
| 610 |
1 |
|
|a строительная керамика
|
| 610 |
1 |
|
|a окрашивание
|
| 610 |
1 |
|
|a глинистое сырье
|
| 610 |
1 |
|
|a химический состав
|
| 610 |
1 |
|
|a минералогический состав
|
| 610 |
1 |
|
|a строительные материалы
|
| 610 |
1 |
|
|a глины
|
| 700 |
|
1 |
|a Нургалиева
|b М. Т.
|
| 701 |
|
1 |
|a Темиртас
|b М. М.
|
| 701 |
|
1 |
|a Вакалова
|b Т. В.
|c химик-технолог
|c профессор Томского политехнического университета, доктор технических наук
|f 1956-
|g Татьяна Викторовна
|3 (RuTPU)RU\TPU\pers\26197
|9 12005
|
| 712 |
0 |
2 |
|a Национальный исследовательский Томский политехнический университет (ТПУ)
|b Институт физики высоких технологий (ИФВТ)
|b Кафедра технологии силикатов и наноматериалов (ТСН)
|3 (RuTPU)RU\TPU\col\18694
|
| 801 |
|
2 |
|a RU
|b 63413507
|c 20171103
|g RCR
|
| 856 |
4 |
|
|u http://earchive.tpu.ru/handle/11683/43753
|
| 942 |
|
|
|c BK
|